গৌড়ের ইতিহাস : (Record no. 2636)

MARC details
000 -LEADER
fixed length control field 01397nam a22002297a 4500
003 - CONTROL NUMBER IDENTIFIER
control field BD-DhJNU
005 - DATE AND TIME OF LATEST TRANSACTION
control field 20260219041511.0
008 - FIXED-LENGTH DATA ELEMENTS--GENERAL INFORMATION
fixed length control field 260219b |||||||| |||| 00| 0 eng d
020 ## - INTERNATIONAL STANDARD BOOK NUMBER
International Standard Book Number 9789849395263
040 ## - CATALOGING SOURCE
Original cataloging agency BD-DhJNU
Language of cataloging BEN
Transcribing agency BD-DhJNU
Modifying agency BD-DhJNU
082 ## - DEWEY DECIMAL CLASSIFICATION NUMBER
Edition number 23
Classification number 954.92
100 ## - MAIN ENTRY--PERSONAL NAME
Personal name চক্রবর্ত্তী, শ্রীরজনীকান্ত
242 ## - TRANSLATION OF TITLE BY CATALOGING AGENCY
Title History of Gaur :
Remainder of title hindu kingdom and muslim kingdom (akhand) /
Statement of responsibility, etc. Sri Rajnikant Chakravarthy and Mahbub Siddiqui (Editor)
245 ## - TITLE STATEMENT
Title গৌড়ের ইতিহাস :
Remainder of title হিন্দুরাজত্ব ও মুসলমান-রাজত্ব অখণ্ড /
Statement of responsibility, etc. শ্রীরজনীকান্ত চক্রবর্ত্তী এবং মাহবুব সিদ্দিকী (সম্পাদক)
260 ## - PUBLICATION, DISTRIBUTION, ETC.
Place of publication, distribution, etc. ঢাকা :
Name of publisher, distributor, etc. দিব্যপ্রকাশ,
Date of publication, distribution, etc. 2019.
300 ## - PHYSICAL DESCRIPTION
Extent ৫০২ পৃ. :
Other physical details চিত্র ;
Dimensions ২১ সেমি.।
504 ## - BIBLIOGRAPHY, ETC. NOTE
Bibliography, etc. note গ্রন্থপঞ্জিগত নির্দেশিকা ও নিঘন্ট অন্তভূক্ত
650 ## - SUBJECT ADDED ENTRY--TOPICAL TERM
Topical term or geographic name entry element ইতিহাস - বাংলা - প্রাচীন যুগ
650 ## - SUBJECT ADDED ENTRY--TOPICAL TERM
Topical term or geographic name entry element বাংলার রাজনীতি ও শাসন ব্যবস্থা
700 ## - ADDED ENTRY--PERSONAL NAME
Personal name সিদ্দিকী, মাহবুব
Relator term সম্পাদক
942 ## - ADDED ENTRY ELEMENTS (KOHA)
Source of classification or shelving scheme Dewey Decimal Classification
Koha item type Books
Suppress in OPAC No
Holdings
Withdrawn status Lost status Source of classification or shelving scheme Damaged status Not for loan Collection Home library Current library Shelving location Date acquired Source of acquisition Total checkouts Full call number Barcode Date last seen Copy number Price effective from Koha item type
    Dewey Decimal Classification     Non-fiction Jagannath University Central Library Jagannath University Central Library General stacks 02/19/2026 Purchased   954.92 CHH JNUCL36250 02/19/2026 1 02/19/2026 Books